<?xml version="1.0" encoding="UTF-8"?><?xml-stylesheet type="text/xsl" href="static/style.xsl"?><OAI-PMH xmlns="http://www.openarchives.org/OAI/2.0/" xmlns:xsi="http://www.w3.org/2001/XMLSchema-instance" xsi:schemaLocation="http://www.openarchives.org/OAI/2.0/ http://www.openarchives.org/OAI/2.0/OAI-PMH.xsd"><responseDate>2026-04-17T13:12:50Z</responseDate><request verb="GetRecord" identifier="oai:www.recercat.cat:2445/218006" metadataPrefix="marc">https://recercat.cat/oai/request</request><GetRecord><record><header><identifier>oai:recercat.cat:2445/218006</identifier><datestamp>2025-12-20T01:57:26Z</datestamp><setSpec>com_2072_1057</setSpec><setSpec>col_2072_478820</setSpec><setSpec>col_2072_478917</setSpec></header><metadata><record xmlns="http://www.loc.gov/MARC21/slim" xmlns:dcterms="http://purl.org/dc/terms/" xmlns:xsi="http://www.w3.org/2001/XMLSchema-instance" xmlns:doc="http://www.lyncode.com/xoai" xsi:schemaLocation="http://www.loc.gov/MARC21/slim http://www.loc.gov/standards/marcxml/schema/MARC21slim.xsd">
   <leader>00925njm 22002777a 4500</leader>
   <datafield ind2=" " ind1=" " tag="042">
      <subfield code="a">dc</subfield>
   </datafield>
   <datafield ind2=" " ind1=" " tag="720">
      <subfield code="a">Marcio Cid, Ignacio</subfield>
      <subfield code="e">author</subfield>
   </datafield>
   <datafield ind2=" " ind1=" " tag="260">
      <subfield code="c">2025-01-27T14:10:03Z</subfield>
   </datafield>
   <datafield ind2=" " ind1=" " tag="260">
      <subfield code="c">2025-01-27T14:10:03Z</subfield>
   </datafield>
   <datafield ind2=" " ind1=" " tag="260">
      <subfield code="c">2023-12-11</subfield>
   </datafield>
   <datafield ind2=" " ind1=" " tag="260">
      <subfield code="c">2025-01-27T14:10:04Z</subfield>
   </datafield>
   <datafield ind2=" " ind1=" " tag="520">
      <subfield code="a">Este libro, escrito en inglés y publicado en pasta dura, así como en formato digital, ofrece –como estudio profundo, crítico, actual y rigurosamente documen- tado– una revisión de la teoría y la práctica en la filosofía política epicúrea, la cual pivota en torno a las nociones de seguridad (ἀσφάλεια), justicia (δικαιοσύνη) y tranquilidad (ἀταραξία). Es el logrado fruto del συμφιλοσοφεῖν iberoamericano entre el Prof. Dr. Javier Aoiz y el Prof. Dr. Marcelo D. Boeri, ambos docentes universitarios en Chile, con una larga y acreditada trayectoria investigadora que ha orbitado siempre en torno a filosofía griega antigua concebida en sentido amplio (Platón, Aristóteles, Epicuro y los estoicos).</subfield>
   </datafield>
   <datafield tag="653" ind2=" " ind1=" ">
      <subfield code="a">Ressenyes (Documents)</subfield>
   </datafield>
   <datafield tag="653" ind2=" " ind1=" ">
      <subfield code="a">Reviews (Documents)</subfield>
   </datafield>
   <datafield ind2="0" ind1="0" tag="245">
      <subfield code="a">Javier Aoiz, Marcelo D. Boeri: Theory and Practice in Epicurean Political Philosophy. Security, Justice and Tranquility, Londres: Bloomsbury Publishing, 2023, 256 pp.</subfield>
   </datafield>
</record></metadata></record></GetRecord></OAI-PMH>